000 00279nam a22001337a 4500
008 180104b xxu||||| |||| 00| 0 eng d
020 _a9780534178505
041 _aeng
080 _a7
100 _a44
101 _aART
245 _aPHOTOGRAPHY
_cROSEN.M.J
942 _2udc
_cBK
999 _c39685
_d39685